LEADER 01310nam a2200301 a 4500 001 000000135293 003 CaOOAMICUS 005 20130903131616.0 008 130903s2013 it u000 u ita r 020 $a978-88-13-33205-1 040 $aPUL$bita 082 04$a344.4501 100 1 $aTursi, Armando.$0(OLS)http://pul/name/87166 245 10$aIstituzioni di diritto del lavoro :$brapporti di lavoro e relazioni sindacali nel settore privato /$cArmando Tursi, Pier Antonio Varesi. 250 $a6. ed. 260 $aPadova :$bCEDAM,$c2013. 300 $aXXII, 594 p. ;$c24 cm 504 $aBibliografia in nota. 650 4$aDiritto del lavoro$zItalia.$0(OLS)http://pul/subject/2593 700 1 $aVaresi, Pier Antonio.$0(OLS)http://pul/name/75849 850 $aPUL 852 $aPUL$W1$xSL Diritto e Scienze Sociali 3$y79$m344. 4501 TURAR 1$j155890$qDDC 21$B155314$CPULBib$Z2$F155314 $H122801 $82 941 1 $a9 996 $6020$a978-88-13-33205-1$9(OLS)http://pul/number/153481 996 $6082$a344.4501$9(OLS)http://pul/classification/1851 996 $6245$aIstituzioni di diritto del lavoro :$brapporti di lavoro e relazioni sindacali nel settore privato$9(OLS)http://pul/title/171084 996 $6260$aPadova :$bCEDAM$9(OLS)http://pul/publisher/48126 LEADER 01371nam a2200277 u 4500 001 000000112167 003 CaOOAMICUS 005 20080627154505.0 008 080627s2006 it u000 u ita u 020 $a88-7839-073-9 040 $aPUL$bita$dLDB 100 1 $aVanzi, Alberto,$d1971-$0(OLS)http://pul/name/69089 245 12$aL'incapacità educativa dei coniugi verso la prole come incapacità ad assumere gli oneri essenziali del matrimonio (can. 1095, 3°) /$cAlberto Vanzi. 260 $aRoma :$bPontificia Università Gregoriana,$c2006. 300 $a339 p. ;$c24 cm 490 1 $aTesi Gregoriana.$aSerie diritto canonico ;$v73 500 $aComprende indice. 504 $aBibliografia: 299-327 630 04$aCodex iuris canonici (1983).$nCanon 1095.$0(OLS)http://pul/subject/23381 830 0$aTesi Gregoriana.$pSerie diritto canonico ;$v73.$0(OLS)http://pul/title/65563 850 $aPUL 852 $aPUL$W1$xDP1 Tesi Pon. Univ. Gregoriana$y40$m2006 C 7$j128180$qTesi$B127264$CPULBib$Z2$F127264 $82 941 1 $a16 996 $6020$a88-7839-073-9$9(OLS)http://pul/number/138250 996 $6245$aL'incapacità educativa dei coniugi verso la prole come incapacità ad assumere gli oneri essenziali del matrimonio (can. 1095, 3°)$9(OLS)http://pul/title/141000 996 $6260$aRoma :$bPontificia Università Gregoriana$9(OLS)http://pul/publisher/47853